Statistics for Celebrities who Hate Justin Bieber

Click here to take the quiz!

General Stats

  • This quiz has been taken 349 times
  • The average score is 5 of 12

Answer Stats

HintCelebrity% Correct
Singer and ex-girlfriend of hisSelena Gomez
89%
Singer with hits such as "Wrecking Ball"Miley Cyrus
88%
Singer with hits such as "Shake it Of"Taylor Swift
88%
Actor who starred in "Titanic" and "Inception"Leonardo DiCaprio
86%
Rapper with hits such as "Lose Yourself"Eminem
68%
Actor who starred in "Drake & Josh"Drake Bell
34%
Actor who starred in "The Lord of the Rings" trilogyOrlando Bloom
24%
Actor who starred in "The Interview" and "Superbad"Seth Rogen
22%
Had hits such as "It's My Life"Jon Bon Jovi
13%
Actress who starred in "The 5th Wave" and "If I Stay"Chloë Moretz
11%
Starred in "Tron: Legacy"Olivia Wilde
5%
American Football player who has appeared on "Dancing with the Stars"Keyshawn Johnson
2%

Score Distribution

Percentile by Number Answered

Percent of People with Each Score

Your Score History

You have not taken this quiz